MARC details
| 000 -LEADER |
| fixed length control field |
01587cam a22004337i 4500 |
| 001 - CONTROL NUMBER |
| control field |
19203061 |
| 003 - CONTROL NUMBER IDENTIFIER |
| control field |
OSt |
| 005 - DATE AND TIME OF LATEST TRANSACTION |
| control field |
20190918150627.0 |
| 008 - FIXED-LENGTH DATA ELEMENTS--GENERAL INFORMATION |
| fixed length control field |
160802s2018 maua 001 0 eng c |
| 010 ## - LIBRARY OF CONGRESS CONTROL NUMBER |
| LC control number |
2016949721 |
| 020 ## - INTERNATIONAL STANDARD BOOK NUMBER |
| International Standard Book Number |
9781337119207 (hardback) |
| 035 ## - SYSTEM CONTROL NUMBER |
| System control number |
(OCoLC)ocn990725498 |
| 040 ## - CATALOGING SOURCE |
| Original cataloging agency |
COO |
| Language of cataloging |
eng |
| Transcribing agency |
COO |
| Description conventions |
rda |
| Modifying agency |
OCLCO |
| -- |
UPM |
| -- |
DLC |
| 042 ## - AUTHENTICATION CODE |
| Authentication code |
pcc |
| 050 00 - LIBRARY OF CONGRESS CALL NUMBER |
| Classification number |
HF5636 |
| Item number |
.W3373 2018 |
| 082 ## - DEWEY DECIMAL CLASSIFICATION NUMBER |
| Edition number |
2018 |
| Classification number |
DC 657 |
| Item number |
W251 |
| 100 1# - MAIN ENTRY--PERSONAL NAME |
| Personal name |
Warren, Carl S., |
| Relator term |
author. |
| 9 (RLIN) |
39764 |
| 245 10 - TITLE STATEMENT |
| Title |
Financial and managerial accounting / |
| Statement of responsibility, etc. |
Carl S. Warren, James M. Reeve, Jonathan E. Duchac |
| 246 14 - VARYING FORM OF TITLE |
| Title proper/short title |
Financial & managerial accounting |
| 246 30 - VARYING FORM OF TITLE |
| Title proper/short title |
Accounting |
| 250 ## - EDITION STATEMENT |
| Edition statement |
14e |
| 264 #1 - PRODUCTION, PUBLICATION, DISTRIBUTION, MANUFACTURE, AND COPYRIGHT NOTICE |
| Place of production, publication, distribution, manufacture |
Boston, MA : |
| Name of producer, publisher, distributor, manufacturer |
Cengage Learning, |
| Date of production, publication, distribution, manufacture, or copyright notice |
c2018. |
| 300 ## - PHYSICAL DESCRIPTION |
| Extent |
iii, 1442 pages: |
| Other physical details |
color illustrations; |
| Dimensions |
29 cm. |
| 336 ## - CONTENT TYPE |
| Content type term |
text |
| Content type code |
txt |
| Source |
rdacontent |
| 337 ## - MEDIA TYPE |
| Media type term |
unmediated |
| Media type code |
n |
| Source |
rdamedia |
| 338 ## - CARRIER TYPE |
| Carrier type term |
volume |
| Carrier type code |
nc |
| Source |
rdacarrier |
| 500 ## - GENERAL NOTE |
| General note |
Includes appendices, glossary and index. |
| 650 #0 - SUBJECT ADDED ENTRY--TOPICAL TERM |
| Topical term or geographic name as entry element |
Accounting. |
| 9 (RLIN) |
39765 |
| 650 #0 - SUBJECT ADDED ENTRY--TOPICAL TERM |
| Topical term or geographic name as entry element |
Managerial accounting. |
| 9 (RLIN) |
39766 |
| 650 #0 - SUBJECT ADDED ENTRY--TOPICAL TERM |
| Topical term or geographic name as entry element |
Sole proprietorship |
| General subdivision |
Accounting. |
| 9 (RLIN) |
1291 |
| 650 #7 - SUBJECT ADDED ENTRY--TOPICAL TERM |
| Topical term or geographic name as entry element |
Accounting. |
| Source of heading or term |
fast |
| Authority record control number |
(OCoLC)fst00795379 |
| 9 (RLIN) |
39765 |
| 650 #7 - SUBJECT ADDED ENTRY--TOPICAL TERM |
| Topical term or geographic name as entry element |
Managerial accounting. |
| Source of heading or term |
fast |
| Authority record control number |
(OCoLC)fst01007320 |
| 9 (RLIN) |
39766 |
| 650 #7 - SUBJECT ADDED ENTRY--TOPICAL TERM |
| Topical term or geographic name as entry element |
Sole proprietorship |
| General subdivision |
Accounting. |
| Source of heading or term |
fast |
| Authority record control number |
(OCoLC)fst01125383 |
| 9 (RLIN) |
1291 |
| 700 1# - ADDED ENTRY--PERSONAL NAME |
| Personal name |
Reeve, James M., |
| Relator term |
author. |
| 9 (RLIN) |
39767 |
| 700 1# - ADDED ENTRY--PERSONAL NAME |
| Personal name |
Duchac, Jonathan E., |
| Relator term |
author. |
| 9 (RLIN) |
39768 |
| 906 ## - LOCAL DATA ELEMENT F, LDF (RLIN) |
| a |
7 |
| b |
cbc |
| c |
pccadap |
| d |
2 |
| e |
ncip |
| f |
20 |
| g |
y-gencatlg |
| 942 ## - ADDED ENTRY ELEMENTS (KOHA) |
| Source of classification or shelving scheme |
Dewey Decimal Classification |
| Koha item type |
Circulation |